000 01061cam a2200229 4500
001 J122329
008 030508n2003 000 0 eng u
035 _a(Sirsi) u122329
041 _aeng
050 _a338.4569
_c18
110 _aConstruction Industry Council
_92417
245 _aSurvey of UK construction professional services 2001/2002
260 _aLondon
_bCIC
_c2003
520 _aThis survey estimate the size of the construction professional services market in the UK at £12.3bn, with 23 500 firms working in the area. The report goes on to consider the UK market shares, income by type of firm, income by size of firm, procurement of services, regional and overseas markets and employment. View at ww.cic.org.uk.
650 _aCONSTRUCTION PROFESSIONAL SERVICES
650 _aRESEARCH PAPERS
650 _aFEE INCOME
650 _aCONSTRUCTION INDUSTRY
690 _aBUILT ENVIRONMENT-CONSTRUCTION MARKET
856 _uhttps://www.cic.org.uk/cps/index.htm
_vView the survey on the Construction Industry Council website...
942 _n0
999 _c102830
_d102830